书目信息 |
| 题名: |
黑板报即时出:中小学校使用
|
|
| 作者: | 冯有康 主编 | |
| 分册: | ||
| 出版信息: | 上海 上海人民美术出版社 2000.06 |
|
| 页数: | 164页 | |
| 开本: | 24开 | |
| 丛书名: | ||
| 单 册: | ||
| 中图分类: | G241.1 | |
| 科图分类: | ||
| 主题词: | 群众文化--文化事业 | |
| 电子资源: | ||
| ISBN: | 7-5322-2451-1 | |
| 000 | 00597nam0 2200193 45 | |
| 001 | 0010251530 | |
| 005 | 20001025152921.2 | |
| 010 | @a7-5322-2451-1@d14.80元 | |
| 100 | @a20001025d2000 km y0chiy0120 ea | |
| 101 | 0 | @achi |
| 105 | @a z 000yy | |
| 200 | 1 | @a黑板报即时出:中小学校使用@AHei Ban Bao Ji Shi Chu:Zhong Xiao Xue Xiao Shi Yong@f冯有康主编@FFeng You Kang Zhu Bian |
| 210 | @a上海@c上海人民美术出版社@d2000.06 | |
| 215 | @a164页@d24开 | |
| 606 | 0 | @a群众文化@x文化事业 |
| 690 | @aG241.1@v3 | |
| 701 | 0 | @a冯有康@4主编 |
| 801 | @aCN@bPftUser@c20001025 | |
| 905 | @b188478@dG241.1@eF387@f1 | |
| 黑板报即时出:中小学校使用/冯有康主编.-上海:上海人民美术出版社,2000.06 |
| 164页;24开 |
| ISBN 7-5322-2451-1:14.80元 |
| ● |
| 相关链接 |
|
|
|
正题名:黑板报即时出:中小学校使用
索取号:G241.1/F387
 
预约/预借
| 序号 | 登录号 | 条形码 | 馆藏地/架位号 | 状态 | 备注 |
| 1 | 188478 | 201884782 | 社科库409/409社科库 58排5列4层/ [索取号:G241.1/F387] | 在馆 |